000 00628nam a22002177a 4500
003 UA-OsUOA
001 66923
007 ta
008 20100202b un ||||| |||| 00| 0 ukr d
100 _aРешетилова О.
090 _a908
_bР47
942 _cSA
040 _aUA-OsUOA
_bukr
_cUA-OsUOA
_dUA-OsUOA
245 _a... Коли українці полюбляють розумних. "Острозький клуб" у запитаннях та відповідях
300 _aС.1,9-19
955 _a0
041 _aukr
080 _a908
773 0 _w66922
650 7 _a908 Краєзнавство
_2UDC
999 _c353171
_d353171